000 00853nam a22002657a 4500
005 20170123162301.0
010 _aA-645223
020 _c300.00
035 _aA-645223
037 _bCen Lib/Ret
040 _aDPL
_bUR
082 _a841.08
100 _a جعفر رضا
_9661
245 _a/ دبستان عشق کی مرمیہ گوئی
_c جعفر رضا
246 _aDabistan-e-ishq ki marsiya goee /
_bJafar Raza
260 _aاتر پردیس
_bشبستان
_c1973
270 _a284,شاہ گنج
_bالہ آباد
_e300112
300 _a391p.
_c22cm(Hb)
500 _aانڈیکس میں شامل ہیں
650 _aاردو ادب
_9136764
650 _aاردو ادب-تنقید
_9663
650 _aUrdu Literature
_9136765
650 _aUrdu Literature - Criticism
_9665
942 _2ddc
_cUR
_h841.08
_mج ع ن
999 _c105972
_d105972